000
00303nam a2200121Ia 4500
008
190902s9999||||xx |||||||||||||| ||und||
020
_a
978-969-407-153-4
100
_a
Andrew m. Hajducki, Q.C.
245
0
_a
Civil Jury Trials
260
_a
India
_b
Edinburgh W. Green
_c
1998
300
_a
216
942
_c
BK
999
_c
2694
_d
2694